00599nam a2200205Ia 450000500170000000800410001702000180005804000180007604100080009408200220010210000200012424500580014425000120020226000540021430000330026865000130030165000220031465000310033665000260036720250916152657.0210716s2013 xx 000 0 und d a9780124157965 cAIMIT LIBRARY aeng a005.746 24bSAYK aSayood, Khalid. aIntroduction to data compression /cBy Khalid Sayood. a4th ed. aNew Delhi :bReed Elsevier India Pvt Ltd ,c2014. axxiii, 740p. ;c23.5 cm.bPB aWavelets aArithmetic coding aLossless image compression aDifferential encoding